BIBLIOTECA

Normal view MARC view
  • Vecchi, Benedetto

Entry Nombre personal

Number of records used in: 1

001 - NÚMERO DE CONTROL

  • campo de control: 14413

003 - IDENTIFICADOR DEL NÚMERO DE CONTROL

  • campo de control: AR-SiUPM

005 - FECHA Y HORA DE LA ÚLTIMA TRANSACCIÓN

  • campo de control: 20251205122607.0

008 - DATOS DE LONGITUD FIJA

  • campo de control de longitud fija: 251205|| aca||aabn | a|a d

040 ## - FUENTE DE LA CATALOGACIÓN

  • Centro catalogador/agencia de origen: AR-SiUPM
  • Centro/agencia transcriptor: AR-SiUPM

100 ## - ENCABEZAMIENTO-NOMBRE DE PERSONA

  • Nombre de persona: Vecchi, Benedetto

670 ## - FUENTE DE DATOS ENCONTRADOS

  • Cita de la fuente: Work cat.: (AR-SiUPM)8712: Bauman, Zygmunt 14412, Identidad /, 2005